[Event "4NCL Division 2c"]
[Site "Telford, ENG"]
[Date "2017.03.05"]
[Round "8.44"]
[White "McKay, Roderick M"]
[Black "Richardson, John R"]
[Result "1/2-1/2"]
[WhiteElo "2333"]
[BlackElo "2282"]
[PlyCount "107"]
[EventDate "2017.03.05"]
[WhiteTeam "Alba"]
[BlackTeam "The ADs"]

1. d4 Nf6 2. Nf3 e6 3. a3 b6 4. Bg5 Bb7 5. c4 Be7 6. Bxf6 Bxf6 7. Nc3 c5 8. d5
exd5 9. cxd5 O-O 10. e3 d6 11. Be2 Re8 12. O-O Nd7 13. Rc1 a6 14. a4 Nf8 15.
Qb3 Rb8 16. Nd2 Ng6 17. Rfd1 Bc8 18. Bf1 Re5 19. Nce4 Rh5 20. g3 Be7 21. Bg2
Bg4 22. f3 Bh3 23. Bxh3 Rxh3 24. Nf2 Rh5 25. f4 b5 26. Nf3 Nf8 27. Rd2 Nd7 28.
Qd1 Rh6 29. e4 Qb6 30. axb5 axb5 31. b3 c4 32. b4 Re8 33. Kg2 Bd8 34. Re2 Qb7
35. Nd4 Bb6 36. Nf5 Rf6 37. Ng4 Rxf5 38. exf5 Rxe2+ 39. Qxe2 Qxd5+ 40. Kh3 Qxf5
41. Kg2 Qd5+ 42. Kh3 h5 43. Qe8+ Nf8 44. Ne3 Qf3 45. Re1 d5 46. Qe5 Ng6 47.
Qb8+ Kh7 48. Qxb6 Nxf4+ 49. Kh4 f6 50. Qb7 Ng2+ 51. Kh3 Nxe1 52. Qxd5 Qxe3 53.
Qf5+ Kh6 54. Qxh5+ 1/2-1/2

[Event "4NCL Division 2c"]
[Site "Telford, ENG"]
[Date "2017.03.05"]
[Round "8.45"]
[White "Rich, Mark C"]
[Black "MacQueen, Calum"]
[Result "1/2-1/2"]
[WhiteElo "2185"]
[BlackElo "2255"]
[PlyCount "52"]
[EventDate "2017.03.05"]
[WhiteTeam "The ADs"]
[BlackTeam "Alba"]

1. e4 c5 2. Nc3 a6 3. a4 e6 4. g3 d5 5. exd5 exd5 6. Bg2 Nf6 7. d3 Be7 8. Nge2
d4 9. Ne4 Nxe4 10. dxe4 O-O 11. O-O Nc6 12. Nf4 Bd6 13. Nd5 Ne7 14. c3 dxc3 15.
Nxc3 Be6 16. f4 f6 17. Re1 Rb8 18. e5 fxe5 19. fxe5 Bc7 20. Qxd8 Rfxd8 21. Bg5
Rd7 22. Bxe7 Rxe7 23. Nd5 Rd7 24. Nf4 Bb3 25. e6 Re7 26. Nd5 Bxd5 1/2-1/2

[Event "4NCL Division 2c"]
[Site "Telford, ENG"]
[Date "2017.03.05"]
[Round "8.46"]
[White "Swan, Iain"]
[Black "Stockwell, Mark B"]
[Result "1/2-1/2"]
[WhiteElo "2258"]
[BlackElo "2095"]
[PlyCount "33"]
[EventDate "2017.03.05"]
[WhiteTeam "Alba"]
[BlackTeam "The ADs"]

1. e4 e5 2. Nf3 Nc6 3. Bb5 a6 4. Ba4 Nf6 5. O-O Nxe4 6. d4 b5 7. Bb3 d5 8. dxe5
Be6 9. Nbd2 Nc5 10. c3 Be7 11. Bc2 d4 12. Nb3 d3 13. Bb1 Nxb3 14. axb3 Bf5 15.
Be3 O-O 16. Bd4 Qd5 17. Bxd3 1/2-1/2

[Event "4NCL Division 2c"]
[Site "Telford, ENG"]
[Date "2017.03.05"]
[Round "8.47"]
[White "Bailey, Kevin J"]
[Black "Findlay, David John"]
[Result "1/2-1/2"]
[WhiteElo "2095"]
[BlackElo "2176"]
[PlyCount "39"]
[EventDate "2017.03.05"]
[WhiteTeam "The ADs"]
[BlackTeam "Alba"]

1. d4 d5 2. Bf4 c5 3. e3 Nc6 4. c3 Nf6 5. Nd2 e6 6. Ngf3 Bd6 7. Bg3 O-O 8. Bd3
Qe7 9. Ne5 Nd7 10. Nxd7 Bxd7 11. Bxd6 Qxd6 12. dxc5 Qxc5 13. Bxh7+ Kxh7 14.
Qh5+ Kg8 15. Ne4 Qc4 16. Ng5 Rfd8 17. Qxf7+ Kh8 18. Qh5+ Kg8 19. Qf7+ Kh8 20.
Qh5+ 1/2-1/2

[Event "4NCL Division 2c"]
[Site "Telford, ENG"]
[Date "2017.03.05"]
[Round "8.48"]
[White "Shafi, Declan"]
[Black "Bellin, Jana M"]
[Result "1/2-1/2"]
[WhiteElo "2006"]
[BlackElo "2020"]
[PlyCount "58"]
[EventDate "2017.03.05"]
[WhiteTeam "Alba"]
[BlackTeam "The ADs"]

1. d4 Nf6 2. c4 c5 3. d5 e5 4. Nc3 d6 5. e4 Be7 6. g3 O-O 7. Bg2 Nbd7 8. Nge2
Ne8 9. O-O g6 10. Be3 Ng7 11. Qd2 f5 12. f3 Nf6 13. h3 Bd7 14. Kh2 a6 15. a4 b6
16. Rfb1 a5 17. Rf1 Qc7 18. b3 fxe4 19. fxe4 Rf7 20. Rf3 Raf8 21. Raf1 Nfe8 22.
Ng1 Rxf3 23. Nxf3 Qd8 24. Bh6 Nc7 25. Nxe5 Rxf1 26. Bxf1 dxe5 27. d6 Qf8 28.
dxc7 Qxf1 29. Qxd7 Qf2+ 1/2-1/2

[Event "4NCL Division 2c"]
[Site "Telford, ENG"]
[Date "2017.04.29"]
[Round "9.11"]
[White "Bisby, Daniel L"]
[Black "Rees, Ioan"]
[Result "1-0"]
[WhiteElo "2293"]
[BlackElo "2282"]
[PlyCount "63"]
[EventDate "2017.04.29"]
[WhiteTeam "Cambridge University 1"]
[BlackTeam "West is Best 1"]

1. e4 c5 2. Nf3 Nc6 3. d4 cxd4 4. Nxd4 e5 5. Nb5 d6 6. N1c3 a6 7. Na3 Be7 8.
Nc4 b5 9. Ne3 Nf6 10. Bd3 O-O 11. O-O Rb8 12. a4 Nd4 13. axb5 axb5 14. Ncd5
Nxd5 15. Nxd5 Bg5 16. c3 Bxc1 17. Rxc1 Ne6 18. Qd2 Bb7 19. Rfd1 Bxd5 20. exd5
Nc5 21. Bc2 f5 22. Ra1 Qh4 23. Ra7 b4 24. cxb4 Rxb4 25. g3 Qg4 26. h3 Qc4 27.
b3 Rxb3 28. Bxb3 Qxb3 29. Qg5 Nb7 30. Rda1 g6 31. Ra8 Qxd5 32. Qe7 1-0

[Event "4NCL Division 2c"]
[Site "Telford, ENG"]
[Date "2017.04.29"]
[Round "9.12"]
[White "Rudd, Jack"]
[Black "Eckersley-Waites, Adam"]
[Result "1-0"]
[WhiteElo "2177"]
[BlackElo "2270"]
[PlyCount "77"]
[EventDate "2017.04.29"]
[WhiteTeam "West is Best 1"]
[BlackTeam "Cambridge University 1"]

1. d4 Nf6 2. c4 c5 3. d5 e6 4. Nc3 exd5 5. cxd5 d6 6. e4 g6 7. f4 Bg7 8. Bb5+
Nfd7 9. a4 O-O 10. Nf3 Na6 11. O-O Nb4 12. f5 Ne5 13. Nxe5 Bxe5 14. Bf4 Qe7 15.
Qd2 a6 16. Bc4 Bd7 17. Rae1 f6 18. Bh6 Rfb8 19. a5 Kh8 20. Ne2 g5 21. h4 Rg8
22. Rf3 gxh4 23. Nf4 Rg4 24. Ne6 Rag8 25. Bf1 Bg3 26. Ree3 Bb5 27. Bxb5 axb5
28. Kf1 Ra8 29. e5 Rxa5 30. Ra3 Ra6 31. Bf8 Qf7 32. exd6 Re4 33. Rxg3 hxg3 34.
Rxg3 Ra1+ 35. Kf2 Qh5 36. Bg7+ Kg8 37. Bxf6+ Rg4 38. d7 Qxf5+ 39. Rf3 1-0

[Event "4NCL Division 2c"]
[Site "Telford, ENG"]
[Date "2017.04.29"]
[Round "9.13"]
[White "Hill, Alistair"]
[Black "Stephens, John KF"]
[Result "1-0"]
[WhiteElo "2209"]
[BlackElo "2125"]
[PlyCount "79"]
[EventDate "2017.04.29"]
[WhiteTeam "Cambridge University 1"]
[BlackTeam "West is Best 1"]

1. Nf3 d5 2. g3 Nf6 3. Bg2 Bg4 4. O-O Bxf3 5. Bxf3 e6 6. d3 Be7 7. c4 c6 8. Qb3
Qc8 9. cxd5 exd5 10. e4 Nbd7 11. Re1 Nc5 12. Qc3 dxe4 13. dxe4 O-O 14. b4 Ne6
15. Be3 Nxe4 16. Bxe4 Bf6 17. Qc2 Bxa1 18. Bxh7+ Kh8 19. Bf5 Qd8 20. Nc3 Bxc3
21. Qxc3 Qd5 22. Bc2 Rad8 23. Bc1 Nd4 24. Be4 Qxa2 25. Bb2 f5 26. Bc2 Qd5 27.
Re3 Rfe8 28. Qxd4 Qxd4 29. Bxd4 Rxe3 30. Bxe3 Rd5 31. Bxa7 Rb5 32. Bc5 b6 33.
Bd3 bxc5 34. Bxb5 cxb4 35. Bxc6 b3 36. Ba4 b2 37. Bc2 g6 38. Kf1 Kg7 39. Ke2
Kf6 40. Ke3 1-0

[Event "4NCL Division 2c"]
[Site "Telford, ENG"]
[Date "2017.04.29"]
[Round "9.14"]
[White "Bullen, Alex"]
[Black "Bukojemski, Adam"]
[Result "1/2-1/2"]
[WhiteElo "2105"]
[BlackElo "2209"]
[PlyCount "36"]
[EventDate "2017.04.29"]
[WhiteTeam "West is Best 1"]
[BlackTeam "Cambridge University 1"]

1. d4 Nf6 2. Nf3 g6 3. c4 Bg7 4. Nc3 O-O 5. Bg5 c5 6. e3 b6 7. Be2 Bb7 8. O-O
d6 9. d5 h6 10. Bh4 Nbd7 11. Qc2 a6 12. a4 Re8 13. Nd2 Nf8 14. f4 e6 15. e4 Qb8
16. Rae1 N6d7 17. Bd3 Nh7 18. Nf3 e5 1/2-1/2

[Event "4NCL Division 2c"]
[Site "Telford, ENG"]
[Date "2017.04.29"]
[Round "9.15"]
[White "Kalavannan, Koby"]
[Black "Littlejohns, David P"]
[Result "1-0"]
[WhiteElo "2168"]
[BlackElo "1999"]
[PlyCount "71"]
[EventDate "2017.04.29"]
[WhiteTeam "Cambridge University 1"]
[BlackTeam "West is Best 1"]

1. d4 d5 2. Nf3 Nf6 3. c4 c6 4. Nbd2 Bf5 5. Nh4 Bg6 6. Qb3 Qb6 7. Qh3 Qc7 8.
Nxg6 fxg6 9. Nf3 Qd7 10. g3 Qxh3 11. Bxh3 e6 12. Bxe6 Bb4+ 13. Kf1 Ke7 14. cxd5
cxd5 15. Bh3 Nbd7 16. Bg5 h6 17. Bxd7 Kxd7 18. Ne5+ Ke6 19. Bxf6 Kxf6 20. Rc1
Rac8 21. Kg2 Bd6 22. Nd3 g5 23. f3 Rhe8 24. e4 dxe4 25. fxe4 Ke6 26. Kf3 Be7
27. Rxc8 Rxc8 28. Rc1 Rd8 29. d5+ Kd6 30. Nc5 Rb8 31. Ne6 Bf6 32. b4 h5 33. Rc7
g4+ 34. Ke3 Be5 35. Rf7 Rc8 36. Nc5 1-0

[Event "4NCL Division 2c"]
[Site "Telford, ENG"]
[Date "2017.04.29"]
[Round "9.16"]
[White "Richardt, Mike"]
[Black "Beckett, Chris J"]
[Result "0-1"]
[WhiteElo "2031"]
[BlackElo "2152"]
[PlyCount "130"]
[EventDate "2017.04.29"]
[WhiteTeam "West is Best 1"]
[BlackTeam "Cambridge University 1"]

1. d4 Nf6 2. c4 Nc6 3. Nc3 e5 4. d5 Ne7 5. e4 Ng6 6. g3 Bb4 7. Bg2 Bxc3+ 8.
bxc3 d6 9. Ne2 O-O 10. O-O Re8 11. Qd3 Qe7 12. h3 b6 13. Be3 Nd7 14. f3 Ba6 15.
a4 Nc5 16. Bxc5 bxc5 17. Rfb1 Reb8 18. Kf2 Qe8 19. a5 Rxb1 20. Qxb1 Rb8 21. Qa2
Qc8 22. Ke3 f5 23. Qa4 fxe4 24. fxe4 Nf8 25. Rf1 Qe8 26. Qa2 Nd7 27. g4 Nf8 28.
Rb1 Rxb1 29. Qxb1 Bxc4 30. Qb7 Qb5 31. Qxc7 Bxe2 32. Qxd6 Bd1 33. Kf2 Qe2+ 34.
Kg1 Qe3+ 35. Kh2 Qd2 36. Qxe5 Bf3 37. Qg3 Qxg2+ 38. Qxg2 Bxg2 39. Kxg2 Nd7 40.
g5 h6 41. gxh6 gxh6 42. Kg3 Kf7 43. Kf4 Kf6 44. Kg4 Ne5+ 45. Kh5 Kg7 46. a6 Nd7
47. Kg4 Kg6 48. Kf4 Kf6 49. Kg4 Nb8 50. Kf4 Nd7 51. Kg4 Ne5+ 52. Kh5 Nf7 53. h4
c4 54. e5+ Kxe5 55. Kg6 Nd6 56. Kxh6 Kxd5 57. Kg6 Ke6 58. h5 Nf5 59. Kg5 Ne7
60. h6 Kf7 61. Kf4 Nd5+ 62. Ke5 Nxc3 63. Kd4 Nb5+ 64. Kxc4 Nc7 65. Kc5 Nxa6+
0-1

[Event "4NCL Division 2c"]
[Site "Telford, ENG"]
[Date "2017.04.29"]
[Round "9.17"]
[White "Churm, Rohan M"]
[Black "Hadi, Justin"]
[Result "1-0"]
[WhiteElo "2141"]
[BlackElo "2022"]
[PlyCount "83"]
[EventDate "2017.04.29"]
[WhiteTeam "Cambridge University 1"]
[BlackTeam "West is Best 1"]

1. d4 e6 2. e4 d5 3. Nd2 Nf6 4. e5 Nfd7 5. Bd3 c5 6. c3 Nc6 7. Ne2 cxd4 8. cxd4
f6 9. exf6 Nxf6 10. Nf3 Bd6 11. O-O O-O 12. Bf4 Bxf4 13. Nxf4 Qd6 14. Ne2 Bd7
15. Qd2 Ng4 16. h3 Rxf3 17. hxg4 Rf7 18. f4 Qb4 19. Qe3 Raf8 20. g5 g6 21. a3
Qb6 22. b4 Qd8 23. Rf3 Ne7 24. g3 Qb6 25. Nc3 Qd6 26. Rf2 Qb6 27. Rd1 e5 28.
Qxe5 Nc6 29. Qd6 Qxd4 30. Nxd5 Bf5 31. Be2 Qb2 32. b5 Na5 33. Nf6+ Kg7 34. Qb4
Qb3 35. Qxb3 Nxb3 36. Bc4 Nc5 37. Bxf7 Kxf7 38. Nxh7 Rh8 39. Rh2 Ne4 40. Nf6
Rc8 41. Rh7+ Ke6 42. g4 1-0

[Event "4NCL Division 2c"]
[Site "Telford, ENG"]
[Date "2017.04.29"]
[Round "9.18"]
[White "Howell, Oliver W"]
[Black "Lee, Richard W Y"]
[Result "0-1"]
[WhiteElo "1712"]
[BlackElo "2147"]
[PlyCount "56"]
[EventDate "2017.04.29"]
[WhiteTeam "West is Best 1"]
[BlackTeam "Cambridge University 1"]

1. e4 c5 2. Nf3 e6 3. g3 Nc6 4. Bg2 Nf6 5. d3 d5 6. exd5 Nxd5 7. O-O Be7 8. d4
O-O 9. c4 Nb6 10. dxc5 Qxd1 11. Rxd1 Nxc4 12. b3 Bf6 13. Nbd2 Nxd2 14. Bxd2
Bxa1 15. Rxa1 Rd8 16. Bf4 f6 17. Bd6 e5 18. Nd2 Be6 19. b4 Rd7 20. a3 Nd8 21.
Ne4 Nf7 22. Rd1 Rad8 23. b5 Bf5 24. c6 bxc6 25. bxc6 Rxd6 26. Nxd6 Rxd6 27. Rc1
Kf8 28. c7 Bc8 0-1

[Event "4NCL Division 2c"]
[Site "Telford, ENG"]
[Date "2017.04.29"]
[Round "9.21"]
[White "Thomas, Nicholas"]
[Black "Forster, Michael C"]
[Result "1/2-1/2"]
[WhiteElo "2227"]
[BlackElo "2286"]
[PlyCount "36"]
[EventDate "2017.04.29"]
[WhiteTeam "Warwickshire Select 1"]
[BlackTeam "Sussex Martlets 1"]

1. e4 c5 2. Nc3 Nc6 3. g3 g6 4. Bg2 Bg7 5. d3 d6 6. f4 e6 7. Nf3 Nge7 8. O-O
O-O 9. Be3 b6 10. Bf2 d5 11. e5 f6 12. exf6 Bxf6 13. Re1 Nf5 14. Ne5 Nxe5 15.
fxe5 Bg7 16. d4 cxd4 17. Bxd4 Ba6 18. Ne2 Bxe2 1/2-1/2

[Event "4NCL Division 2c"]
[Site "Telford, ENG"]
[Date "2017.04.29"]
[Round "9.22"]
[White "Willson, Ollie"]
[Black "Mason, Donald J"]
[Result "1/2-1/2"]
[WhiteElo "2038"]
[BlackElo "2147"]
[PlyCount "24"]
[EventDate "2017.04.29"]
[WhiteTeam "Sussex Martlets 1"]
[BlackTeam "Warwickshire Select 1"]

1. d4 Nf6 2. c4 g6 3. Nc3 Bg7 4. e4 d6 5. Nf3 O-O 6. h3 e5 7. d5 a5 8. Be3 Na6
9. Be2 Ne8 10. g4 Nc5 11. g5 f5 12. Nd2 Na6 1/2-1/2

[Event "4NCL Division 2c"]
[Site "Telford, ENG"]
[Date "2017.04.29"]
[Round "9.23"]
[White "Stepanyan, Henrik"]
[Black "Grant, David J"]
[Result "1/2-1/2"]
[WhiteElo "2192"]
[BlackElo "2074"]
[PlyCount "72"]
[EventDate "2017.04.29"]
[WhiteTeam "Warwickshire Select 1"]
[BlackTeam "Sussex Martlets 1"]

1. d4 Nf6 2. Nf3 g6 3. Nc3 d5 4. Bf4 Bg7 5. Qd2 Ne4 6. Nxe4 dxe4 7. Ne5 c5 8.
e3 Nc6 9. Bb5 Qb6 10. Bxc6+ bxc6 11. O-O O-O 12. Qc3 cxd4 13. exd4 Be6 14. Rfe1
Rac8 15. Be3 Qb5 16. b3 Rfd8 17. Rad1 Qd5 18. Qd2 c5 19. c4 Qb7 20. Qc3 cxd4
21. Bxd4 f6 22. Nd3 Bg4 23. Nb2 Bxd1 24. Rxd1 e5 25. Be3 f5 26. Qa5 Rxd1+ 27.
Nxd1 f4 28. Bc5 Qd7 29. Nc3 Qd2 30. h3 e3 31. Qa6 Rxc5 32. Qe6+ Kf8 33. Nd5
Rxd5 34. cxd5 Qxf2+ 35. Kh1 Qe1+ 36. Kh2 Qg3+ 1/2-1/2

[Event "4NCL Division 2c"]
[Site "Telford, ENG"]
[Date "2017.04.29"]
[Round "9.24"]
[White "Miller, Dominic"]
[Black "Brooks, Phil J"]
[Result "0-1"]
[WhiteElo "2062"]
[BlackElo "2187"]
[PlyCount "64"]
[EventDate "2017.04.29"]
[WhiteTeam "Sussex Martlets 1"]
[BlackTeam "Warwickshire Select 1"]

1. e4 e6 2. d4 d5 3. Nd2 Nf6 4. e5 Nfd7 5. Bd3 c5 6. c3 b6 7. Ne2 Ba6 8. Bxa6
Nxa6 9. Nf4 cxd4 10. cxd4 Nb4 11. a3 Nc6 12. Nf3 b5 13. Be3 Be7 14. h4 h6 15.
h5 Nb6 16. b3 Kd7 17. Qd3 a6 18. O-O Qb8 19. Rac1 Rc8 20. Nd2 Na5 21. Ne2 Rxc1
22. Nxc1 Nc6 23. b4 Nc4 24. Ncb3 Qf8 25. Nc5+ Bxc5 26. bxc5 f5 27. exf6 Qxf6
28. Nxc4 bxc4 29. Qc2 Qf5 30. Qa4 Qd3 31. Bd2 Qxd2 32. Rb1 Ra7 0-1

[Event "4NCL Division 2c"]
[Site "Telford, ENG"]
[Date "2017.04.29"]
[Round "9.25"]
[White "Shephard, Chris C W"]
[Black "Tebbs, Howard L"]
[Result "1-0"]
[WhiteElo "2187"]
[BlackElo "2063"]
[PlyCount "119"]
[EventDate "2017.04.29"]
[WhiteTeam "Warwickshire Select 1"]
[BlackTeam "Sussex Martlets 1"]

1. c4 e5 2. Nc3 d6 3. Nf3 f5 4. d4 e4 5. Ng5 Be7 6. Nh3 Nf6 7. e3 O-O 8. Be2 c5
9. Nf4 Nc6 10. O-O g5 11. Nfd5 cxd4 12. exd4 Nxd5 13. cxd5 Nb4 14. a3 Nd3 15.
Bxd3 exd3 16. f4 g4 17. Qxd3 Bf6 18. Be3 Bd7 19. Rfe1 Qb6 20. Bf2 Qa6 21. Qxa6
bxa6 22. Re6 Bxe6 23. dxe6 Rfe8 24. Re1 Rac8 25. Nd5 Bg7 26. h3 h5 27. Kh2 Rc4
28. b3 Rc2 29. hxg4 hxg4 30. Kg3 Rxf2 31. Kxf2 Bxd4+ 32. Kg3 Kg7 33. Rd1 Bb2
34. Ne3 Rxe6 35. Nxf5+ Kf6 36. Kxg4 Bxa3 37. Rh1 Kf7 38. Rh7+ Kf8 39. Rh8+ Kf7
40. Rh7+ Kf8 41. Rxa7 d5 42. Rd7 Rg6+ 43. Kf3 Rb6 44. Rd8+ Kf7 45. Nd4 Bb2 46.
Rxd5 Rb4 47. Ke4 a5 48. g4 Kg6 49. Rd6+ Kf7 50. g5 Ke7 51. Rd5 Kf7 52. f5 Bxd4
53. Rxd4 Rxb3 54. Rd7+ Kf8 55. f6 a4 56. Kf5 Re3 57. Ra7 a3 58. Kg6 Re8 59.
Rxa3 Rd8 60. Rh3 1-0

[Event "4NCL Division 2c"]
[Site "Telford, ENG"]
[Date "2017.04.29"]
[Round "9.26"]
[White "Forster, Matthew"]
[Black "Hynes, Anthony M"]
[Result "0-1"]
[WhiteElo "1982"]
[BlackElo "2102"]
[PlyCount "86"]
[EventDate "2017.04.29"]
[WhiteTeam "Sussex Martlets 1"]
[BlackTeam "Warwickshire Select 1"]

1. c4 e5 2. g3 Nc6 3. Bg2 g6 4. Nc3 Bg7 5. Nf3 f5 6. d3 d6 7. O-O Nf6 8. Rb1
O-O 9. b4 a6 10. a4 h6 11. b5 axb5 12. axb5 Ne7 13. Bb2 g5 14. Qb3 Be6 15. Ra1
Qd7 16. Rxa8 Rxa8 17. Ra1 Rxa1+ 18. Bxa1 f4 19. Nd2 b6 20. Qa3 Bh3 21. Qa8+ Kf7
22. Nde4 Bxg2 23. Kxg2 Nxe4 24. Qxe4 Kg8 25. Nd5 Nxd5 26. Qxd5+ Qf7 27. Qxf7+
Kxf7 28. Kf3 e4+ 29. Kxe4 Bxa1 30. Kd5 fxg3 31. fxg3 Ke7 32. Kc6 g4 33. e3 Kd8
34. Kd5 Kd7 35. Ke4 Ke6 36. Kf4 d5 37. Kxg4 dxc4 38. dxc4 Ke5 39. Kh5 Ke4 40.
g4 Kxe3 41. Kxh6 Kd4 42. g5 Kxc4 43. g6 Kxb5 0-1

[Event "4NCL Division 2c"]
[Site "Telford, ENG"]
[Date "2017.04.29"]
[Round "9.27"]
[White "Purcell, Philip"]
[Black "Batchelor, Paul A"]
[Result "0-1"]
[WhiteElo "2080"]
[BlackElo "1945"]
[PlyCount "108"]
[EventDate "2017.04.29"]
[WhiteTeam "Warwickshire Select 1"]
[BlackTeam "Sussex Martlets 1"]

1. d4 Nf6 2. c4 g6 3. Nc3 Bg7 4. e4 d6 5. h3 O-O 6. Be3 e5 7. d5 a5 8. Be2 Na6
9. Nf3 Nc5 10. Qc2 b6 11. a3 a4 12. Nd2 Bd7 13. b4 axb3 14. Nxb3 Nxb3 15. Qxb3
Ne8 16. f3 f5 17. Bd3 f4 18. Bf2 Bf6 19. a4 Bh4 20. Qb2 Ng7 21. Bxh4 Qxh4+ 22.
Qf2 Qxf2+ 23. Kxf2 Ra5 24. Nb5 Rc8 25. Bc2 Ne8 26. Rhc1 Rca8 27. Bd1 Kf8 28.
Rab1 Ke7 29. Ke2 Kd8 30. Kd3 Nf6 31. Nc3 Be8 32. Rb2 Nd7 33. Kd2 Nc5 34. Ra1
Bxa4 35. Bxa4 Nxa4 36. Nxa4 Rxa4 37. Rxa4 Rxa4 38. Kc3 Ra1 39. Rc2 Rd1 40. Kb4
Rb1+ 41. Kc3 Kc8 42. Ra2 Kb7 43. Kc2 Rg1 44. Kc3 g5 45. Rc2 h5 46. Kd3 Kb8 47.
Ra2 Rh1 48. Kd2 g4 49. hxg4 hxg4 50. fxg4 Rh4 51. Kc3 Rxg4 52. Re2 Rg3+ 53. Kb4
Kc8 54. Kb5 Re3 0-1

[Event "4NCL Division 2c"]
[Site "Telford, ENG"]
[Date "2017.04.29"]
[Round "9.28"]
[White "Gibbs, Dominic V"]
[Black "Phillips, David"]
[Result "1-0"]
[WhiteElo "1997"]
[BlackElo "1834"]
[PlyCount "85"]
[EventDate "2017.04.29"]
[WhiteTeam "Sussex Martlets 1"]
[BlackTeam "Warwickshire Select 1"]

1. e4 Nc6 2. Nf3 d6 3. d4 Bg4 4. Be3 Nf6 5. Nc3 e6 6. h3 Bxf3 7. Qxf3 Be7 8.
Bc4 Nb4 9. Bb3 d5 10. a3 dxe4 11. Nxe4 Nbd5 12. Bd2 c6 13. Ng3 a5 14. O-O a4
15. Ba2 Qb6 16. c4 Nc7 17. Bf4 O-O-O 18. c5 Qxb2 19. Be5 Nb5 20. Ne2 Qd2 21.
Rfd1 Qa5 22. Bc4 Rhf8 23. Rab1 Nc7 24. Rb2 Ncd5 25. Rdb1 Rd7 26. Qd3 Qa7 27.
Rxb7 Rxb7 28. Ba6 Nd7 29. Rxb7 Nxe5 30. Rxa7+ Kd8 31. dxe5 Bxc5 32. Ra8+ Kc7
33. Rxf8 Bxf8 34. Bc4 Nb6 35. Ba2 Nd7 36. Qc3 Nb6 37. Qf3 f5 38. exf6 g6 39.
Nd4 Kd6 40. Qxc6+ Ke5 41. Nf3+ Kxf6 42. Qxe6+ Kg7 43. Qf7+ 1-0

[Event "4NCL Division 2c"]
[Site "Telford, ENG"]
[Date "2017.04.29"]
[Round "9.31"]
[White "Greet, Andrew N"]
[Black "Birtwistle, Nigel"]
[Result "1-0"]
[WhiteElo "2448"]
[BlackElo "2163"]
[PlyCount "65"]
[EventDate "2017.04.29"]
[WhiteTeam "Alba"]
[BlackTeam "Grantham Sharks 2"]

1. d4 Nf6 2. Nf3 g6 3. c4 Bg7 4. g3 c5 5. Bg2 O-O 6. O-O cxd4 7. Nxd4 d5 8.
cxd5 Nxd5 9. Nb3 Nb4 10. Nc3 a5 11. Bg5 Nd7 12. a3 Nc6 13. Rc1 h6 14. Be3 Nde5
15. Nd5 Be6 16. Bb6 Qb8 17. Nc5 Bxd5 18. Qxd5 Qd6 19. Qxd6 exd6 20. Na4 Rfe8
21. e3 Ra6 22. Rfd1 Nd7 23. Bc7 Nc5 24. Nc3 Nb3 25. Rc2 Rc8 26. Nd5 Bf8 27. Bh3
f5 28. Bf1 Ne5 29. Bxa6 bxa6 30. Rc3 Nc5 31. Bxa5 Rb8 32. b4 Ne4 33. Rc7 1-0

[Event "4NCL Division 2c"]
[Site "Telford, ENG"]
[Date "2017.04.29"]
[Round "9.32"]
[White "Willis, Rupert"]
[Black "Sreeves, Clement"]
[Result "0-1"]
[WhiteElo "2179"]
[BlackElo "2396"]
[PlyCount "72"]
[EventDate "2017.04.29"]
[WhiteTeam "Grantham Sharks 2"]
[BlackTeam "Alba"]

1. c4 Nf6 2. Nf3 c5 3. g3 b6 4. Bg2 Bb7 5. O-O e6 6. b3 Be7 7. Bb2 O-O 8. e3 d5
9. Nc3 dxc4 10. bxc4 Nc6 11. Qe2 Qd7 12. d3 Rfd8 13. Rad1 a6 14. a4 Rab8 15.
Ne1 Na7 16. e4 b5 17. axb5 axb5 18. cxb5 Nxb5 19. Nxb5 Qxb5 20. Rb1 Ne8 21. Qc2
Ba6 22. f4 c4 23. dxc4 Qxc4 24. Be5 Bc5+ 25. Kh1 Qxc2 26. Nxc2 Rxb1 27. Rxb1
Rd2 28. Ne1 Nd6 29. Bc3 Ra2 30. Ra1 Rxa1 31. Bxa1 Bb4 32. Nc2 Bd2 33. Bd4 Bd3
34. e5 Nf5 35. g4 Bxc2 36. gxf5 Bxf5 0-1

[Event "4NCL Division 2c"]
[Site "Telford, ENG"]
[Date "2017.04.29"]
[Round "9.33"]
[White "McKay, Roderick M"]
[Black "Tavares, Shawn P"]
[Result "1/2-1/2"]
[WhiteElo "2332"]
[BlackElo "2145"]
[PlyCount "68"]
[EventDate "2017.04.29"]
[WhiteTeam "Alba"]
[BlackTeam "Grantham Sharks 2"]

1. d3 b5 2. e4 e6 3. f4 Bb7 4. Nf3 Nf6 5. Be2 c5 6. O-O Qb6 7. Kh1 Nc6 8. Be3
d5 9. e5 Ng4 10. Bg1 h5 11. Ng5 Nh6 12. Bxh5 g6 13. Bf3 Nf5 14. Qe1 Be7 15. Bf2
Bxg5 16. fxg5 Qd8 17. Nc3 a5 18. a4 b4 19. Ne2 Qxg5 20. Bxc5 Ne3 21. Bxe3 Qxe3
22. d4 Nxd4 23. Nxd4 Qxd4 24. c3 bxc3 25. bxc3 Qh4 26. h3 Rc8 27. Qb1 Qe7 28.
Qb6 Rxc3 29. Rac1 Rc8 30. Rb1 Ba8 31. Rbc1 Rxc1 32. Rxc1 O-O 33. Qxa5 Qa3 34.
Rd1 Qe3 1/2-1/2

[Event "4NCL Division 2c"]
[Site "Telford, ENG"]
[Date "2017.04.29"]
[Round "9.34"]
[White "Varnam, Liam D"]
[Black "Berry, Neil"]
[Result "0-1"]
[WhiteElo "2098"]
[BlackElo "2297"]
[PlyCount "62"]
[EventDate "2017.04.29"]
[WhiteTeam "Grantham Sharks 2"]
[BlackTeam "Alba"]

1. c4 e5 2. g3 Nf6 3. Bg2 c6 4. d4 e4 5. Nc3 d5 6. Bg5 Nbd7 7. cxd5 cxd5 8. f3
Bb4 9. fxe4 dxe4 10. Qb3 Qb6 11. O-O-O Bxc3 12. bxc3 Qa5 13. Nh3 O-O 14. Rhf1
Nd5 15. Bd2 N7f6 16. c4 Qc7 17. Kb2 Nb6 18. Rc1 Bg4 19. Nf4 e3 20. Ba5 Qd7 21.
d5 Rfe8 22. c5 Na4+ 23. Ka3 Nxc5 24. Rxc5 b6 25. Rc6 bxa5 26. h3 Rab8 27. Qc3
Bf5 28. Qxa5 Be4 29. Rc7 Qd6+ 30. Rc5 Bxg2 31. Nxg2 Ne4 0-1

[Event "4NCL Division 2c"]
[Site "Telford, ENG"]
[Date "2017.04.29"]
[Round "9.35"]
[White "Bamber, Elaine"]
[Black "Kafka, Graeme"]
[Result "1/2-1/2"]
[WhiteElo "2103"]
[BlackElo "2055"]
[PlyCount "53"]
[EventDate "2017.04.29"]
[WhiteTeam "Alba"]
[BlackTeam "Grantham Sharks 2"]

1. e4 c5 2. Nf3 d6 3. Bb5+ Bd7 4. Bxd7+ Nxd7 5. O-O Ngf6 6. Re1 g6 7. c3 Bg7 8.
d4 cxd4 9. cxd4 O-O 10. Nc3 e5 11. dxe5 dxe5 12. Be3 a6 13. h3 Rc8 14. Qb3 b5
15. Rad1 Qe7 16. Ng5 Rc4 17. a4 Nc5 18. Qa3 h6 19. Nf3 Rc8 20. axb5 axb5 21.
Bxc5 R8xc5 22. Nd2 b4 23. Qb3 Rd4 24. Ne2 Rd7 25. Qxb4 Rc2 26. Qxe7 Rxe7 27.
Nc3 1/2-1/2

[Event "4NCL Division 2c"]
[Site "Telford, ENG"]
[Date "2017.04.29"]
[Round "9.36"]
[White "David, Ivan"]
[Black "Findlay, David John"]
[Result "0-1"]
[WhiteElo "1891"]
[BlackElo "2183"]
[PlyCount "76"]
[EventDate "2017.04.29"]
[WhiteTeam "Grantham Sharks 2"]
[BlackTeam "Alba"]

1. d4 d5 2. Bf4 c5 3. e3 Nc6 4. c3 Nf6 5. Nd2 e6 6. Bd3 Be7 7. Ngf3 Nh5 8. Bg3
Nxg3 9. hxg3 g6 10. Ne5 Nxe5 11. dxe5 Qb6 12. Qc2 Bd7 13. c4 Bc6 14. e4 dxc4
15. Nxc4 Qc7 16. a4 O-O-O 17. f4 Rd4 18. Qe2 Rhd8 19. Bc2 h5 20. O-O Kb8 21.
Rfd1 R8d7 22. Kh2 Qd8 23. Nd6 Rxd1 24. Rxd1 Bxd6 25. exd6 Rxd6 26. Rxd6 Qxd6
27. b3 Qd4 28. Qd3 Qxd3 29. Bxd3 Kc7 30. Kh3 Kb6 31. g4 hxg4+ 32. Kxg4 f5+ 33.
exf5 gxf5+ 34. Kh3 Bd5 35. Bc2 Ka5 36. g4 fxg4+ 37. Kxg4 Kb4 38. f5 exf5+ 0-1